000 00635nam a2200193 i 4500
001 31675
003 ES-MaACL
005 20250825050720.0
007 t|
008 030129s1925 sp ||||1| spa d
100 1 _aBechert, Karl.
_926906
245 1 3 _aLa estructura del espectro del paladio /
_cpor K. Bechert y M. A. Catalán.
260 _a[Madrid :
_bs.n.,
_c1925]
300 _a10 h. :
_bil. ;
_c21 cm.
500 _aEs separata de: Anales de la Sociedad Española de Física y Química. T. XXIII, p. 457-476.
700 1 _aCatalán, Miguel A.,
_d1894-1957
_937026
852 _aES-MaACL
_j1691-F-24
999 _c31675
_d31675